El empresariado latinoamericano: algunos aspectos de sus organizaciones y de su pensamiento
Salvato in:
| Autori principali: | , |
|---|---|
| Ente Autore: | |
| Natura: | Libro |
| Lingua: | spagnolo |
| Pubblicazione: |
Buenos Aires
CIEDLA
1983
|
| Soggetti: | |
| Tags: |
Aggiungi Tag
Nessun Tag, puoi essere il primo ad aggiungerne!!
|
MARC
| LEADER | 00000nam a2200000 a 4500 | ||
|---|---|---|---|
| 001 | UCX1719 | ||
| 003 | CL-VaPUC | ||
| 008 | 901024e19830000AG |||||||||||||||||spa|d | ||
| 082 | 0 | 4 | |a 338.04 |b EST |2 21 |
| 100 | 0 | |a Estrada, Francisco F |e author |9 317336 | |
| 700 | 0 | |a Masi, María Luisa |e author |9 317337 | |
| 110 | 2 | |a Centro Interdisciplinario sobre el Desarrollo Latinoamericano (Alemania Federal) |e author |9 317338 | |
| 245 | 1 | 3 | |a El empresariado latinoamericano: algunos aspectos de sus organizaciones y de su pensamiento |
| 300 | |a 88 p | ||
| 942 | |c BK | ||
| 945 | |d 19901024 00:00:00 | ||
| 260 | |a Buenos Aires |b CIEDLA |c 1983 | ||
| 650 | 7 | |a EMPRESARIOS |2 CL-VaPUC |9 315086 | |
| 650 | 0 | |a Asociaciones comerciales y profesionales |9 317339 | |
| 651 | 0 | |a América Latina |9 255027 | |
| 583 | |a last modification |c 19901024 00:00:00 |k Rodrigo Vera | ||
| 999 | |c 222888 |d 222886 | ||
| 952 | |0 0 |1 0 |4 0 |6 338_040000000000000_EST_1983 |7 0 |8 A |9 218180 |a BIBENE |b BIBENE |d 2019-11-15 |i 2870215 |o 338.04 EST 1983 |p 2870215 |r 2025-01-15 |w 2019-11-15 |y BK |k ICO | ||